Name a Valid Mediterranean Country - Statistics

General Stats
  • This quiz has been taken 29 times
  • The average score is 16 of 20
Answer Stats
Hint Answer % Correct
That is in the Middle East Egypt / Israel / Lebanon / Syria / Turkey
100%
Owns one of the top 10 largest islands in the Mediterranean Italy / France / Cyprus / Greece / Spain
100%
With territory in two continents (No overseas territories) Turkey / Spain
100%
An island country Malta / Cyprus
96%
Has a border in the Adratic Sea Slovenia / Croatia / Bosnia & Herzegovina / Montenegro / Albania / Italy
96%
Has a red and white flag Tunisia / Turkey / Monaco
92%
Is not majority Catholic or Islamic Israel / Cyprus / Greece / Montenegro
88%
Has Berber as an official language Morocco / Algeria
88%
With a coastline less than 50km Slovenia / Monaco / Bosnia
88%
Has been ruled by the British Empire Egypt / Israel / Lebanon / France / Cyprus / Malta / Libya
81%
Borders an Ocean France / Spain / Morocco
81%
That uses the Dinar Currency Algeria / Tunisia / Libya
77%
Has a 99% Mediterranean climate Lebanon / Greece / Montenegro / Monaco
77%
Is guessed 75% or less in the Countries of Europe, Africa or Asia Monaco / Malta / Montenegro / Lebanon / Cyprus
77%
Is part of the Commonwealth Malta / Cyprus
73%
Its capital is not the most populated city Malta / Turkey / Morocco
69%
Having the Danube river flowing through its country Croatia
54%
Doesn't have a Mediterranean climate Egypt
50%
With a GDP Per capita smaller than 10k $, but isn't in the Middle East Algeria / Morocco / Tunisia / Libya / Egypt / Bosnia & Herzegovina
46%
That was completely neutral in WW2 Spain / Monaco
46%
No matching quizzes found
Score Distribution
Percent of People with Each Score
Percentile by Number Answered
Your Score History
You have not taken this quiz